书目信息 |
| 题名: |
心律失常防治150问
|
|
| 作者: | 刘国树 | |
| 分册: | ||
| 出版信息: | 北京 金盾出版社 1994.04 |
|
| 页数: | 192页 | |
| 开本: | 19cm | |
| 丛书名: | ||
| 单 册: | ||
| 中图分类: | R541.7 | |
| 科图分类: | ||
| 主题词: | 心脏血管疾病 | |
| 电子资源: | ||
| ISBN: | 7-80022-805-3 | |
| 000 | 00530nam0 2200193 45 | |
| 001 | 0308271084 | |
| 005 | 20030827105637.1 | |
| 010 | @a7-80022-805-3@dRMB5.50 | |
| 100 | @a20030827d1994 km y0chiy0120 ea | |
| 101 | @achi | |
| 105 | @a z 000yy | |
| 200 | 1 | @a心律失常防治150问@Axin lu shi chang fang zhi 150 wen@f刘国树@Fliu guo shu |
| 210 | @a北京@c金盾出版社@d1994.04 | |
| 215 | @a192页@c无图表@d19cm | |
| 606 | 0 | @a心脏血管疾病 |
| 690 | @aR541.7@v3 | |
| 701 | 0 | @a刘国树 |
| 801 | @aCN@b@c20030827 | |
| 905 | @aBZT@dR541.7@e4 | |
| 心律失常防治150问/刘国树.-北京:金盾出版社,1994.04 |
| 192页:无图表;19cm |
| ISBN 7-80022-805-3:RMB5.50 |
| ● |
| 相关链接 |
|
|
|
正题名:心律失常防治150问
索取号:R541.7/4
 
预约/预借
| 序号 | 登录号 | 条形码 | 馆藏地/架位号 | 状态 | 备注 |
| 1 | 100972 | 200069157 | 中心书库中库/ 中库009架B面4列6层41/ [索取号:R541.7/4] | 在馆 | |
| 2 | 100973 | 200069228 | 中心书库中库/ 中库009架B面4列6层40/ [索取号:R541.7/4] | 在馆 | |
| 3 | 100974 | 200069184 | 中心书库中库/ 中库009架B面4列6层38/ [索取号:R541.7/4] | 在馆 | |
| 4 | 100975 | 200069175 | 中心书库中库/ 中库009架B面4列6层37/ [索取号:R541.7/4] | 在馆 | |
| 5 | 100976 | 200069200 | 中心书库中库/ 中库009架B面4列6层36/ [索取号:R541.7/4] | 在馆 | |
| 6 | 100977 | 200069193 | 中心书库中库/ 中库009架B面4列6层35/ [索取号:R541.7/4] | 在馆 | |
| 7 | 100978 | 200069237 | 中心书库中库/ 中库009架B面4列6层39/ [索取号:R541.7/4] | 在馆 | |
| 8 | 10979 | 200069503 | 中心书库中库/ 中库009架B面4列6层29/ [索取号:R541.7/4] | 在馆 | |
| 9 | 10980 | 200069479 | 中心书库中库/ 中库009架B面4列6层42/ [索取号:R541.7/4] | 在馆 | |
| 10 | 47899 | 200569884 | 中心书库中库/ 中库009架B面4列6层30/ [索取号:R541.7/4] | 在馆 | |
| 11 | 47900 | 200569875 | 中心书库中库/ 中库009架B面4列6层21/ [索取号:R541.7/4] | 在馆 | |
| 12 | 47901 | 200569893 | 中心书库中库/ 中库009架B面4列6层20/ [索取号:R541.7/4] | 在馆 | |
| 13 | 47902 | 200569919 | 中心书库中库/ 中库009架B面4列6层22/ [索取号:R541.7/4] | 在馆 | |
| 14 | 47903 | 200569900 | 中心书库中库/ 中库009架B面4列6层23/ [索取号:R541.7/4] | 在馆 |